Statystyki dla Państwa o największym PKB na kilometr kwadratowy

Kliknij tutaj aby rozwiązać quiz!

Ogólne statystyki

  • Ten quiz został rozwiązany 52 razy
  • Średni wynik to 13 z 21

Statystyki odpowiedzi

$ / km kwPaństwo% Poprawnych
15.4 milJaponia
88%
31.1 milLiechtenstein
80%
27.0 milLuksemburg
78%
3,798 milMonako
78%
12.8 milNiemcy
78%
13.9 milSzwajcaria
78%
36.2 milSan Marino
76%
24.3 milHolandia
73%
13.0 milWielka Brytania
73%
18.7 milBelgia
71%
22.4 milKorea Południowa
71%
810 milSingapur
67%
32.3 milKatar
61%
103 milBahrajn
57%
18.1 milKuwejt
57%
70.4 milMalta
57%
17.1 milIzrael
47%
36.1 milTajwan
47%
26.4 milMalediwy
27%
12.6 milBarbados
20%
15.7 milMauritius
14%

Rozkład punktacji

Percentyl według liczby udzielonych odpowiedzi

Procent ludzi z każdym wynikiem

Twoja historia wyników

Nie rozwiązałeś tego quizu